000 00695nam a2200289Ia 4500
005 20260324112435.0
008 008 260324s9999 xx 000 0 eng d
020 _a9781032634548
037 _aEBOOK
040 _aCRL
040 _beng
040 _cCRL
041 _2eng
041 _aeng
084 _qCRL
100 _aReinout W. Wiers
_91142704
245 2 _aA New Approach to Addiction and Choice
245 0 _bAkrasia and the Nature of Free Will
260 _bTaylor and Francis
260 _c2024
365 _a
365 _b205
856 _uhttp://www.taylorfrancis.com/books/9781032634548
942 _cEBOOK
999 _c1731912
_d1731912